Teatres de l'Institut
Descripción Física:
16 p. : il. col. ; 21 x 29,8 cm
MARC
| LEADER | 00000nam a2200000Ia 4500 | ||
|---|---|---|---|
| 001 | 12784 | ||
| 008 | 160829s9999 xx 000 0 cat d | ||
| 080 | |a FU-28-32 | ||
| 110 | 1 | |a Institut del Teatre (Barcelona, Catalunya) |9 52662 | |
| 245 | |a Teatres de l'Institut | ||
| 260 | |a Barcelona : |b Institut del Teatre. Diputació de Barcelona, [1986?] | ||
| 300 | |a 16 p. : |b il. col. ; |c 21 x 29,8 cm | ||
| 650 | |a Institut del Teatre (Barcelona) |x Edificis |9 22668 | ||
| 901 | |a Arxiu | ||
| 942 | |n 1 | ||
| 952 | |0 0 |1 0 |4 0 |6 FU2832 |7 1 |9 42285 |a Arxiu |b Arxiu |d 2016-12-01 |l 0 |o FU-28-32 |p 12784 |r 2016-12-01 00:00:00 |w 2016-12-01 |y ARXIU | ||
| 999 | |c 44763 |d 44763 | ||